000 00753nam a2200253 a 4500
001 26266
003 CO-ViMGA
008 141112s2004 ck r 000 u spa d
015 _ack - 2011 - xxxx
020 _a9789586486842
040 _aCO-ViMGA
_bspa
_cCO-ViMGA
082 0 4 _a347.05 P25t
100 1 _aPeña Peña, Rogelio Enrique
_941007
245 1 0 _aTeoría general del proceso /
_cRogelio Enrique Peña Peña
250 _a2a. ed.
260 _aBogotá :
_bEcoe Ediciones,
_c2011
300 _a211 p. ; 24 cm
490 _aCiencias políticas. Derecho
504 _aBibliografía : p. 211
598 _aNEW - GRAL
650 1 4 _aDerecho procesal
_93881
942 _2ddc
_cBK
990 _aEcoe Editores 2 ejemplares 21 05/04/2011 n a740611
999 _c33448
_d33448